منهج تعليم اللغة العربية فى قسم الدراسات الادارية بكلية السلطان زين العابدين الاسلامية فى ترنجانو
Saved in:
| 主要作者: | |
|---|---|
| 其他作者: | |
| 格式: | Thesis |
| 語言: | Arabic |
| 出版: |
ماليزيا :
جامعة اسلامية عالمية،
1995
|
| 主題: | |
| 在線閱讀: | http://studentrepo.iium.edu.my/handle/123456789/9261 |
| 標簽: |
添加標簽
沒有標簽, 成為第一個標記此記錄!
|
| LEADER | 026150000a22004450004500 | ||
|---|---|---|---|
| 001 | 124243 | ||
| 005 | 20090513153600.0 | ||
| 008 | 951221s1995 my g 000 0 ara d | ||
| 035 | |a 417155 | ||
| 035 | |a (Sirsi) 124243 | ||
| 040 | |a UIAM |b eng | ||
| 043 | |a a-my-tr--- | ||
| 049 | |b m | ||
| 050 | 0 | 0 | |a PJ6068.M3 |
| 100 | 0 | |a مصطفى بن جىء عمر | |
| 242 | 1 | 0 | |a Manhaj ta'lim al-lughah al-'Arabiyah fi Qism al-Dirasat al-Idariyah bi-Kulliyat al-Sultan Zayn al-'Abidin al-Islamiyah fi Taranjanu :dirasat wasfiyah taqwimiyah / |c i'dad Mustafa ibn Shi' 'Umar; ishraf Ahmad Turan Arsalan |
| 245 | 1 | 0 | |a منهج تعليم اللغة العربية فى قسم الدراسات الادارية بكلية السلطان زين العابدين الاسلامية فى ترنجانو |
| 260 | 1 | |a ماليزيا : |b جامعة اسلامية عالمية، |c 1995 | |
| 300 | |a 172 p. | ||
| 500 | |a "Bahth takmili li-nayl darajat al-Majistir fi al-Lughah al-Arabiyah bi-wasfiha lughah thaniah."--On t.p. | ||
| 502 | |a Thesis (M. A.)--International Islamic University (Malaysia), 1995. | ||
| 504 | |a Includes bibliographical references (leaves 165-172). | ||
| 596 | |a 1 | ||
| 610 | 2 | 0 | |a Kolej Ugama Sultan Zainal Abidin (Terengganu) |
| 650 | 8 | |a لغة عربية |x طرق تدريس |z ماليزيا | |
| 650 | 8 | |a رسالة جامعية | |
| 650 | 0 | |a Arabic language |x Study and teaching Terengganu | |
| 650 | 0 | |a Arabic language |x Study and teaching |z Malaysia | |
| 655 | 0 | 7 | |a Theses, IIUM local |
| 690 | 0 | |a Dissertations, Academic |x Department of Arabic Language and Literature |z IIUM | |
| 700 | 0 | |a Mustafa Che Omar | |
| 710 | 2 | |a International Islamic University Malaysia. |b Department of Arabic Language and Literature | |
| 740 | 0 | 1 | |a Arabic language curriculum for the school of management Kusza, Terengganu : |b a descriptive and evaluative study |
| 856 | 4 | |u http://studentrepo.iium.edu.my/handle/123456789/9261 | |
| 900 | |a oc-checked a r r 080195-naw | ||
| 999 | |c 430897 |d 462388 | ||
| 952 | |0 0 |6 LU T PJ 6068 M3 M991M |7 0 |8 THESES |9 750424 |a IIUM |b IIUM |c CLOSEACCES |g 0.00 |o lu t PJ 6068 M3 M991M |p 00010981552 |r 2017-10-25 |t 1 |v 0.00 |y THESIS | ||
| 952 | |0 0 |6 LU T PJ 6068 M3 M991M |7 0 |8 THESES |9 750425 |a IIUM |b IIUM |c CLOSEACCES |g 0.00 |o lu t PJ 6068 M3 M991M |p 00011275176 |r 2017-10-25 |t 3 |v 0.00 |y THESIS | ||
| 952 | |0 0 |6 T PJ 6068 M3 M991M |7 0 |8 THESES |9 750426 |a IIUM |b IIUM |c MULTIMEDIA |g 0.00 |o t PJ 6068 M3 M991M |p 00000417156 |r 2017-10-19 |t 1 |v 0.00 |y THESIS | ||
| 952 | |0 0 |6 TS CDF PJ6068M3M991M |7 0 |8 THESES |9 795157 |a IIUM |b IIUM |c MULTIMEDIA |g 0.00 |o ts cdf PJ6068M3M991M |p 11100326340 |r 2017-10-26 |t 1 |v 0.00 |y THESISDIG | ||
